Biblioteca y Centro de Documentación

Land-und forstwirtschaftliche Gesamtrechnung (Registro nro. 5596)

Detalles MARC
000 -CABECERA
Longitud fija campo de control 02227nam a2200445 c 4500
001 - NÚMERO DE CONTROL
Número de control 5596
003 - IDENTIFICADOR DE NÚMERO DE CONTROL
Identificador del número de control ES-MaCES
005 - FECHA Y HORA DE LA ÚLTIMA TRANSACCIÓN
Fecha y hora de la última transacción 20150929135400.0
008 - CAMPO FIJO DE DESCRIPCIÓN FIJA--INFORMACIÓN GENERAL
Códigos de información de longitud fija   971023s1997 lu ||| | ger d
020 ## - ISBN (INTERNATIONAL STANDARD BOOK NUMBER)
Número Internacional Normalizado para Libros (ISBN) 9282795225
035 ## - NÚMERO DE CONTROL DEL SISTEMA
Número de control del sistema CES19980056393m
040 ## - FUENTE DE CATALOGACIÓN
Centro catalogador de origen ES-MaCES
Lengua de catalogación spa
Centro transcriptor ES-MaCES
041 0# - CÓDIGO DE IDIOMA
Código de lengua del texto;banda sonora o título independiente ger
-- eng
-- fre
245 00 - MENCIÓN DE TÍTULO
Título Land-und forstwirtschaftliche Gesamtrechnung
Mención de responsabilidad, etc. Eurostat, Statistisches amt der europäischen Gemeinschaften = Economic accounts for agriculture and forestry / Eurostat, Statistical Office of the European Communities = Comptes économiques de l'agriculture et de la sylviculture 1990-1995 / Eurostat, Office statistique des Communautés européennes
246 3# - FORMA VARIANTE DEL TÍTULO
Título propio ; Título en breve Economic accounts for agriculture and forestry 1900-1995
246 3# - FORMA VARIANTE DEL TÍTULO
Título propio ; Título en breve Comptes économiques de l'agriculture et de la sylviculture 1990-1995
260 ## - PUBLICACIÓN, DISTRIBUCIÓN, ETC (PIE DE IMPRENTA)
Lugar de publicación, distribución, etc. Luxembourg
Nombre del editor, distribuidor, etc. Office des publications officielles des Communautés européennes
Fecha de publicación, distribución, etc. 1997
300 ## - DESCRIPCIÓN FÍSICA
Extensión 297 p.
Dimensiones 30 cm
490 1# - MENCIÓN DE SERIE
Mención de serie Themenkreis 5, Land- und Forstwirtschaft, Fischerei. Reihe C, Konten und Erhebungen = Theme 5, Agriculture, forestry and fisheries. Series C, Accounts and surveys = Thème 5, Agriculture, sylviculture et pêche. Série C, Comptes et enquêtes
500 ## - NOTA GENERAL
Nota general Texto en alemán, inglés y francés
541 ## - NOTA DE LA FUENTE INMEDIANTE DE ADQUISICIÓN
Forma de adquisición Compra
650 #4 - ASIENTO SECUNDARIO DE MATERIA--TÉRMINO DE MATERIA
Término de materia o nombre geográfico como elemento inicial agricultura
9 (RLIN) 27489
650 #4 - ASIENTO SECUNDARIO DE MATERIA--TÉRMINO DE MATERIA
Término de materia o nombre geográfico como elemento inicial producto agrícola
9 (RLIN) 27551
650 #4 - ASIENTO SECUNDARIO DE MATERIA--TÉRMINO DE MATERIA
Término de materia o nombre geográfico como elemento inicial silvicultura
9 (RLIN) 27586
650 #4 - ASIENTO SECUNDARIO DE MATERIA--TÉRMINO DE MATERIA
Término de materia o nombre geográfico como elemento inicial producto forestal
9 (RLIN) 27591
650 #4 - ASIENTO SECUNDARIO DE MATERIA--TÉRMINO DE MATERIA
Término de materia o nombre geográfico como elemento inicial análisis económico
9 (RLIN) 27070
650 #4 - ASIENTO SECUNDARIO DE MATERIA--TÉRMINO DE MATERIA
Término de materia o nombre geográfico como elemento inicial sector económico
9 (RLIN) 30015
650 #4 - ASIENTO SECUNDARIO DE MATERIA--TÉRMINO DE MATERIA
Término de materia o nombre geográfico como elemento inicial 1990-1995
9 (RLIN) 31160
650 #4 - ASIENTO SECUNDARIO DE MATERIA--TÉRMINO DE MATERIA
Término de materia o nombre geográfico como elemento inicial datos estadísticos
9 (RLIN) 30765
650 #4 - ASIENTO SECUNDARIO DE MATERIA--TÉRMINO DE MATERIA
Término de materia o nombre geográfico como elemento inicial informe
9 (RLIN) 28986
653 10 - TÉRMINO DE INDEXACIÓN--NO CONTROLADO
Término no controlado Estadísticas sectoriales
650 #4 - ASIENTO SECUNDARIO DE MATERIA--TÉRMINO DE MATERIA
9 (RLIN) 29020
Término de materia o nombre geográfico como elemento inicial país de la UE
650 #4 - ASIENTO SECUNDARIO DE MATERIA--TÉRMINO DE MATERIA
9 (RLIN) 26752
Término de materia o nombre geográfico como elemento inicial UE
710 2# - ENCABEZAMIENTO SECUNDARIO--NOMBRE CORPORATIVO
Nombre de entidad o nombre de jurisdicción como elemento inicial Eurostat
9 (RLIN) 3516
787 0# - ENTRADA DE OTRAS ESPECIFICACIONES
Título Land-und forstwirtschaftliche Gesamtrechnung
Número de control del registro relacionado (ES-MaCES)10771
830 #0 - ENCABEZAMIENTO SECUNDARIO DE COLECCIÓN--TÍTULO UNIFORME
Título uniforme Themenkreis 5, Land- und Forstwirtschaft, Fischerei
Nombre de parte o sección de la obra Reihe C, Konten und Erhebungen = Theme 5, Agriculture, forestry and fisheries. Series C, Accounts and surveys = Thème 5, Agriculture, sylviculture et pêche. Série C, Comptes et enquêtes
9 (RLIN) 32710
902 ## - CES. TIPO DE DOCUMENTO
Tipodoc (006$c Sirtex) LIB Libro
942 ## - ELEMENTOS KOHA
Fuente de clasificaión o esquema Clasificación propia del CES
Koha [por defecto] tipo de item Monografías
Parte de clasificación 8.3.
Existencias
Número de registro Signatura completa Tipo de item de Koha
021927 DPT-1602 Monografías
© CES, Consejo Económico y Social de España 2021